00639nam a2200217Ia 4500003000900000008004100009020001800050040001600068080001700084100001500101245010000116260003500216300001400251490004300265650001900308650002200327700001900349700001900368700001800387700001600405IN-BaIIA211028s9999 xx 000 0 eng d a0-13-046482-1 cIIA Library a621.391bARR aHaykin, S. 0aArray signal processingcS. Haykin…[et al.]  aNew JersybPrentice-Hallc1985 aix, 433p. aPrentice-Hall signal processing series aNASA thesaurus aSignal processing aJustice, J. H. aKak, A. C. ed. aOwsley, N. L. aYen, J. L.